Acontecimientos notables en la iglesia de San Nicolás de Alicante (Record no. 136705)

MARC details
000 -LEADER
campo de control de longitud fija 00626nam a2200181 4500
001 - NÚMERO DE CONTROL
campo de control 136705
003 - IDENTIFICADOR DE NÚMERO DE CONTROL
campo de control ES-MaACL
005 - FECHA Y HORA DE LA ÚLTIMA TRANSACCIÓN
campo de control 20230906195215.0
007 - CAMPO FIJO DE DESCRIPCIÓN FÍSICA--INFORMACIÓN GENERAL
campo de control de longitud fija t|
008 - DATOS DE LONGITUD FIJA--INFORMACIÓN GENERAL
campo de control de longitud fija 070214s1980 sp r ||||1| spa d
100 1# - ENTRADA PRINCIPAL--NOMBRE DE PERSONA
Nombre de persona Sala Seva, Federico.
9 (RLIN) 101676
245 10 - MENCIÓN DEL TÍTULO
Título Acontecimientos notables en la iglesia de San Nicolás de Alicante
Resto del título : 1245 a 1980 /
Mención de responsabilidad, etc. Federico Sala Seva.
260 ## - PUBLICACIÓN, DISTRIBUCIÓN, ETC.
Lugar de publicación, distribución, etc. Alicante :
Nombre del editor, distribuidor, etc. Caja de Ahorros Provincial,
Fecha de publicación, distribución, etc. 1980.
300 ## - DESCRIPCIÓN FÍSICA
Extensión 344 p., 25 lám. :
Otras características físicas il. ;
Dimensiones 22 cm.
710 2# - ENTRADA AGREGADA--NOMBRE DE ENTIDAD CORPORATIVA
Nombre de entidad corporativa o nombre de jurisdicción como elemento de entrada Caja de Ahorros Provincial de Alicante.
9 (RLIN) 2280
852 ## - LOCALIZACIÓN
Ubicación ES-MaACL
Número de control de estantería L-939
Sublocalización o colección R.101615
852 ## - LOCALIZACIÓN
Ubicación ES-MaACL
Número de control de estantería L-439
Sublocalización o colección R.101393
Holdings
Estatus retirado Estado de pérdida Estado de daño No para préstamo Biblioteca de origen Biblioteca actual Ubicación en estantería Fecha de adquisición Fuente de adquisición Total de préstamos Signatura topográfica completa Código de barras Visto por última vez Precio de reemplazo Tipo de ítem Koha
        Biblioteca del Ateneo de Madrid Biblioteca del Ateneo de Madrid Depósito 2 17/01/2008     L-439 1142272 23/02/2023 23/02/2023 Libro impreso
        Biblioteca del Ateneo de Madrid Biblioteca del Ateneo de Madrid Depósito 2 17/01/2008     L-939 1142271 23/02/2023 23/02/2023 Libro impreso